000 00900nam a2200253Ia 4500
003 OSt
005 20220923215434.0
006 a|||||r|||| 00| 0
007 ta
008 220922b |||||||| |||| 00| 0 hin d
024 _a178,725
037 _cTextual
040 _aARTS
_cARTS
_bhin
041 _2hin
_ahin
082 _aO152,1M89x, L7
100 _aजयशंकर प्रसाद
245 0 _aप्राणमादन, संपा रत्ना शंकर प्रसाद
246 _aPrāṇamādana, sanpā0 ratnā shankar prasāda
260 _aवाराणसी
_b हिन्दी प्रचारक संस्थान
_c1977
300 _a55 पृ.
_ccm.
650 _aहिन्दी साहित्य
_9156264
942 _hO152,1M89x, L7
_cTEXL
_2CC
999 _c332106
_d332106